| 000 | 00950nam a2200277 a 4500 | ||
|---|---|---|---|
| 001 | 000022947 | ||
| 005 | 20200930021904.0 | ||
| 008 | 101123s1975 sp r 000 0 spa d | ||
| 020 | _a8420615684 | ||
| 040 |
_aDO-SdBNP _bspa _cBNPHU |
||
| 041 | 1 | 7 |
_aspa _hfre _2Código de idiomas MARC |
| 082 |
_a306.4 _bF814s |
||
| 100 | 1 |
_aFrancastel, Pierre, _947181 |
|
| 240 | 1 | 0 |
_aEtudes de sociologie de l´art. _lEspañol. |
| 245 | 1 | 0 |
_aSociología del arte / _cPierre Francastel , traducción de Susana Soba Rojo. |
| 260 |
_aMadrid : _bAlianza, _c1975. |
||
| 300 |
_a203 p. ; _c19 cm. |
||
| 490 | 1 | _aEl Libro de bolsillo | |
| 490 | 1 | _aArte | |
| 504 | _aIncluye referencias bibliográficas y notas al pie de las páginas. | ||
| 534 |
_pTítulo original en francés: _tEtudes de sociologie de l´art. |
||
| 650 | 4 |
_aArte y sociedad _95077 |
|
| 700 | 1 |
_aSoba Rojo, Susana, _etr. _947182 |
|
| 830 | 3 |
_aEl libro de bolsillo. _pArte _947183 |
|
| 049 | _aBNGR | ||
| 999 |
_c22444 _d22444 |
||